Städte mit A - Statistiken

Allgemein
  • Dieses Quiz wurde 77 mal gespielt
    76 seit der letzten Aktualisierung
  • Das Durchschnittsergebnis liegt bei 7 aus 16
Antwortstatistiken
Bildquiz Antwort % Korrekt
Amsterdam
99%
Athen
91%
Ankara
66%
Aachen
62%
Atlanta
43%
Agra
41%
Alexandria
40%
Antwerpen
40%
Addis Abeba
37%
Accra
32%
Algier
29%
Austin
28%
Adelaide
24%
Avignon
18%
Ancona
7%
Assisi
7%
Keine übereinstimmenden Quizze gefunden
Verteilung der Resultate
Anzahl Personen mit jedem Resultat
Perzentil nach korrekt beantworteten Fragen
Ihre Resultats-Entwicklung
Sie haben dieses Quiz seit der letzten Aktualisierung nicht gespielt